| 000 | 01070cam a2200277 a 4500 | ||
|---|---|---|---|
| 999 |
_c329129 _d329129 |
||
| 001 | 11867847 | ||
| 003 | Nust | ||
| 005 | 20170424154809.0 | ||
| 008 | 991214s1999 nyu 000 0 eng | ||
| 010 | _a 99087478 | ||
| 020 | _a0802137083 | ||
| 040 |
_aDLC _cDLC _dDLC |
||
| 043 | _ae-uk-en | ||
| 050 | 0 | 0 |
_aPR6066.I53 _bC45 1999 |
| 082 | 0 | 0 |
_a822.914 PIN _221 |
| 100 | 1 |
_aPinter, Harold, _d1930-2008. |
|
| 245 | 1 | 0 |
_aCelebration ; _band, The room / _cHarold Pinter. |
| 246 | 3 | _aCelebration ; and, The room | |
| 260 |
_aNew York : _bGrove Press, _cc1999. |
||
| 300 |
_a125 p. ; _c21 cm. |
||
| 651 | 0 |
_aLondon (England) _vDrama. |
|
| 700 | 1 | 2 |
_aPinter, Harold, _d1930-2008. _tRoom. |
| 740 | 0 | 2 | _aRoom. |
| 856 | 4 | 2 |
_3Publisher description _uhttp://www.loc.gov/catdir/enhancements/fy1413/99087478-d.html |
| 906 |
_a7 _bcbc _corignew _d1 _eocip _f19 _gy-gencatlg |
||
| 942 |
_2ddc _cBK |
||